Retrouvez le mot #3 - Statistiques

Statistiques générales
  • Ce quiz a été pris 107 fois
  • Le résultat moyen est 40 sur 100
Statistiques - réponses
Indices Mot % Correct
de santé, de timbres, de correspondance Carnet
85%
à la corde, de puce, de page Saut
75%
minérale, de Cologne, de vie Eau
72%
aiguille, d'un chèque, d'Achille Talon
72%
de peinture, pour bébé, d'ozone Couche
71%
de banque, d'avion, gagnant Billet
68%
cardiaque, économique, d'adolescence Crise
68%
fruitier, généalogique, à chat Arbre
67%
de tennis, de revolver, aux prisonniers Balle
67%
à épiler, de crabe, à linge Pince
67%
de jambon, d'âge, d'un livre Tranche
67%
à courre, à l'homme, d'eau Chasse
66%
de coco, de beurre, de Saint-Jacques Noix
66%
noir, de bord, périodique des éléments Tableau
66%
de brouillon, des charges, de doléances Cahier
62%
de pierre, de l'île, d'artichaut Cœur
62%
vinyle, dur, olympique Disque
62%
d'une chaise, de la main, crawlé Dos
62%
de bonne année, de mariage, de chasteté Vœu
62%
souche, de dégrisement, de crise Cellule
59%
pilée, à la vanille, sans tain Glace
59%
piéton, d'un livre, en force Passage
59%
d'escalier, d'accès, de lancement Rampe
59%
d'agneau, atlantique, du Rhône Côte
58%
de parenté, hypertexte, de subordination Lien
58%
sociale, au développement, soignant Aide
57%
géométrique, de proue, de style Figure
57%
furieux, du roi, de Bassan Fou
54%
de blé, de folie, de beauté Grain
54%
de gâteau, de marché, d'ombre Part
54%
de velours, de montagne, de l'utérus Col
53%
de vie, d'atterrissage, à grande vitesse Train
53%
de béton, opératoire, de l'Est Bloc
52%
primaire, de pensée, polytechnique École
52%
de famille, abbé, Noël Père
52%
aigu, d'avoine, de cloche Son
52%
à sable, de Seine, général Bac
51%
vert, de travail, Schengen Espace
51%
chimique, allergique, en chaîne Réaction
51%
gauche, d'œuvre, courante Main
49%
blanche, au milieu, manta Raie
48%
commun, de famille, d'un chien Nom
46%
d'arbre, d'orange, terrestre Écorce
44%
d'ami, de discipline, des ministres Conseil
43%
faisane, mouillée, de qualifications Poule
43%
de soleil, enfant, infrarouge Rayon
43%
perçante, plongeante, de l'esprit Vue
43%
téléphonique, de phares, d'air Appel
42%
d'un arbre, d'un mot, carrée Racine
42%
public, de poissons, de touche Banc
41%
service, de métro, de ski Station
41%
morale, ajoutée, absolue Valeur
41%
marin, papillon, d'une tige Nœud
38%
à tarte, de résistance, de la main Plat
38%
cassé, d'œuf, de poulet Blanc
37%
d'encre, de fusil, de cigarettes Cartouche
35%
de paille, d'un champignon, introductif Chapeau
35%
clé, doux, d'ordre Mot
35%
de vigne, à la ligne, d'enfer Pêche
35%
militaire, de chantier, audio Casque
34%
de choses, décimal, d'or Nombre
34%
administratif, de beauté, de circonstances Concours
33%
de cochon, d'imprimerie, chinois Caractère
32%
judiciaire, d'assurance, d'écriture Police
32%
de plancher, électronique, à l'oreille Puce
32%
photo, informatique, durable Développement
30%
civile, de consommation, anonyme Société
30%
de journal, défini, décoratif Article
28%
alimentaire, textile, optique Fibre
28%
du vent, de l'explosion, au cœur Souffle
28%
postale, de messagerie, au tir Adresse
27%
comptable, de santé, carbone Bilan
27%
des mathématiques, de marché, notariale Étude
25%
d'une maison, en scène, en vigueur Entrée
24%
télé, scolaire, informatique Programme
24%
de communication, orale, de fait Voie
24%
de vote, du président, des étudiants Bureau
23%
professionnelle, moléculaire, affine Fonction
23%
de musique, médical, de mesure Instrument
22%
du vent, artistique, assistée Direction
20%
légitime, européenne, sacrée Union
20%
de ciment, de fenêtre, d'arbalète Carreau
19%
de la phrase, du roi, à caution Sujet
19%
originale, latine, d'un logiciel Version
18%
gris, de mer, de carnaval Loup
15%
d'une histoire, royale, arithmétique Suite
15%
routier, de travail, de rotation Axe
14%
acoustique, d'ordinateur, de cuisine Batterie
14%
française, industrielle, de la Terre Révolution
14%
d'un tableau, africaine, départ Case
13%
de la défense, à la vinaigrette, du diable Avocat
11%
fortuit, social, contact Cas
8%
faite, de genre, jugée Chose
8%
continue, géologique, militaire Formation
5%
de sièges, de l'armée, social Rang
4%
de nourriture, naturelle, nationale Réserve
4%
de matériaux, de vol, vocale Commande
3%
d'un débat, musical, grec Thème
3%
d'une pièce, internationale, parallèle Dimension
0%
politique, électrique, de feu Puissance
0%
Aucun quiz correspondant
Distribution des résultats
% des personnes avec chaque résultat
Percentile par nombre de réponses
Votre historique - résultats
Vous n’avez pas pris ce quiz